The formation of the historical world in the human sciences / (Record no. 127355)
[ view plain ]
| 000 -LEADER | |
|---|---|
| fixed length control field | 01998cam a22003974a 4500 |
| 001 - CONTROL NUMBER | |
| control field | 12751453 |
| 003 - CONTROL NUMBER IDENTIFIER | |
| control field | ARRUPE |
| 005 - DATE AND TIME OF LATEST TRANSACTION | |
| control field | 20180111122210.0 |
| 008 - FIXED-LENGTH DATA ELEMENTS--GENERAL INFORMATION | |
| fixed length control field | 020423s2002 nju b 001 0 eng |
| 010 ## - LIBRARY OF CONGRESS CONTROL NUMBER | |
| LC control number | 2002070384 |
| 020 ## - INTERNATIONAL STANDARD BOOK NUMBER | |
| International Standard Book Number | 0691096694 (alk. paper) |
| 040 ## - CATALOGING SOURCE | |
| Original cataloging agency | DLC |
| Transcribing agency | DLC |
| Modifying agency | DLC |
| 041 1# - LANGUAGE CODE | |
| Language code of text/sound track or separate title | eng |
| Language code of original and/or intermediate translations of text | ger |
| 042 ## - AUTHENTICATION CODE | |
| Authentication code | pcc |
| 050 00 - LIBRARY OF CONGRESS CALL NUMBER | |
| Classification number | B3216.D82 |
| Item number | E5 1985 vol. 3 |
| Classification number | B3216.D81 |
| 082 00 - DEWEY DECIMAL CLASSIFICATION NUMBER | |
| Classification number | 193 s |
| -- | 193 |
| Edition number | 21 |
| 300 ## - PHYSICAL DESCRIPTION | |
| Dimensions | 24 cm. |
| 100 1# - MAIN ENTRY--PERSONAL NAME | |
| Personal name | Dilthey, Wilhelm, |
| Dates associated with a name | 1833-1911. |
| 9 (RLIN) | 20225 |
| 245 14 - TITLE STATEMENT | |
| Title | The formation of the historical world in the human sciences / |
| Statement of responsibility, etc | Wilhelm Dilthey ; edited, with an introduction, by Rudolf A. Makkreel and Frithjof Rodi. |
| 260 ## - PUBLICATION, DISTRIBUTION, ETC. (IMPRINT) | |
| Place of publication, distribution, etc | Princeton, N.J. : |
| Name of publisher, distributor, etc | Princeton University Press, |
| Date of publication, distribution, etc | c2002. |
| 300 ## - PHYSICAL DESCRIPTION | |
| Extent | xiii, 399 p. ; |
| 490 1# - SERIES STATEMENT | |
| Series statement | Selected works / Wilhelm Dilthey ; |
| Volume number/sequential designation | v. 3 |
| 500 ## - GENERAL NOTE | |
| General note | Includes the author's The formation of the historical world in the human sciences. |
| 504 ## - BIBLIOGRAPHY, ETC. NOTE | |
| Bibliography, etc | Includes bibliographical references and index. |
| 650 #0 - SUBJECT ADDED ENTRY--TOPICAL TERM | |
| Topical term or geographic name as entry element | Philosophy. |
| 9 (RLIN) | 38383 |
| 650 #0 - SUBJECT ADDED ENTRY--TOPICAL TERM | |
| Topical term or geographic name as entry element | History |
| General subdivision | Philosophy. |
| 9 (RLIN) | 38384 |
| 650 #0 - SUBJECT ADDED ENTRY--TOPICAL TERM | |
| Topical term or geographic name as entry element | Social sciences |
| General subdivision | Philosophy. |
| 9 (RLIN) | 38385 |
| 700 1# - ADDED ENTRY--PERSONAL NAME | |
| Personal name | Makkreel, Rudolf A., |
| Dates associated with a name | 1939- |
| 9 (RLIN) | 21055 |
| 700 1# - ADDED ENTRY--PERSONAL NAME | |
| Personal name | Rodi, Frithjof, |
| Dates associated with a name | 1930- |
| 9 (RLIN) | 38386 |
| 700 12 - ADDED ENTRY--PERSONAL NAME | |
| Personal name | Dilthey, Wilhelm, |
| Dates associated with a name | 1833-1911. |
| Title of a work | Aufbau der geschichtlichen Welt in den Geisteswissenschaften. |
| Language of a work | English. |
| 9 (RLIN) | 38387 |
| 800 1# - SERIES ADDED ENTRY--PERSONAL NAME | |
| Personal name | Dilthey, Wilhelm, |
| Dates associated with a name | 1833-1911. |
| Title of a work | Works. |
| Form subheading | Selections. |
| Language of a work | English. |
| Date of a work | 1985 ; |
| Volume/sequential designation | v. 3. |
| 9 (RLIN) | 38388 |
| 856 42 - ELECTRONIC LOCATION AND ACCESS | |
| Materials specified | Contributor biographical information |
| Uniform Resource Identifier | <a href="http://www.loc.gov/catdir/bios/prin051/2002070384.html">http://www.loc.gov/catdir/bios/prin051/2002070384.html</a> |
| 856 41 - ELECTRONIC LOCATION AND ACCESS | |
| Materials specified | Table of contents |
| Uniform Resource Identifier | <a href="http://www.loc.gov/catdir/toc/prin032/2002070384.html">http://www.loc.gov/catdir/toc/prin032/2002070384.html</a> |
| 856 42 - ELECTRONIC LOCATION AND ACCESS | |
| Materials specified | Publisher description |
| Uniform Resource Identifier | <a href="http://www.loc.gov/catdir/description/prin031/2002070384.html">http://www.loc.gov/catdir/description/prin031/2002070384.html</a> |
| 906 ## - LOCAL DATA ELEMENT F, LDF (RLIN) | |
| a | 7 |
| b | cbc |
| c | orignew |
| d | 1 |
| e | ocip |
| f | 20 |
| g | y-gencatlg |
| 942 ## - ADDED ENTRY ELEMENTS (KOHA) | |
| Source of classification or shelving scheme | Library of Congress Classification |
| Koha item type | Monograph ( Printed materials) |
| Withdrawn status | Lost status | Source of classification or shelving scheme | Damaged status | Not for loan | Collection code | Home library | Current library | Shelving location | Date acquired | Total Checkouts | Full call number | Barcode | Date last seen | Price effective from | Koha item type |
|---|---|---|---|---|---|---|---|---|---|---|---|---|---|---|---|
| Library of Congress Classification | Main Collection | ARRUPE LIBRARY | ARRUPE LIBRARY | Main Collection | 11/01/2018 | B3216.D82 E5 1985 vol. 3 | 46600001262 | 11/01/2018 | 11/01/2018 | Monograph ( Printed materials) |